[Event "17. Open de Sants Hostafrancs 2015"]
[Site "Barcelona ESP"]
[Date "2015.08.27"]
[Round "7.18"]
[White "Munoz Pantoja, Miguel"]
[Black "Sturt, Raven M"]
[Result "1/2-1/2"]
[WhiteElo "2434"]
[BlackElo "2282"]
[PlyCount "148"]
[EventDate "2015.08.21"]
[EventType "swiss"]
[EventRounds "10"]
[EventCountry "ESP"]
[SourceTitle "Ajedrez en Madrid"]
[Source "lmi"]
[SourceDate "2015.08.21"]

1. e4 e5 2. Nf3 Nc6 3. Bb5 a6 4. Ba4 Nf6 5. Bxc6 dxc6 6. O-O Bg4 7. h3 Bh5 8.
d3 Nd7 9. Be3 Bd6 10. Nbd2 Qe7 11. Re1 f6 12. Nf1 Bf7 13. c3 c5 14. d4 cxd4 15.
cxd4 exd4 16. Bxd4 O-O 17. Ng3 Bxg3 18. fxg3 Rfe8 19. Qc2 c5 20. Bc3 Qd6 21.
Rad1 Qc7 22. e5 Nxe5 23. Nxe5 fxe5 24. Qf5 Be6 25. Qxe5 Qxe5 26. Rxe5 Bxa2 27.
Rxe8+ Rxe8 28. Rd7 Bf7 29. Rxb7 h6 30. Rc7 c4 31. Kf2 Ra8 32. Rc5 Ra7 33. g4
Kh7 34. h4 Kg8 35. h5 Kh7 36. Kg3 Re7 37. g5 hxg5 38. Rxg5 g6 39. hxg6+ Bxg6
40. Rc5 Bd3 41. Kf4 Re6 42. g4 Kg6 43. Be5 Kf7 44. g5 Re8 45. Rd5 Re6 46. Rd4
Rb6 47. Rd7+ Ke6 48. Ra7 Kd5 49. Rd7+ Ke6 50. Rd8 Ke7 51. Ra8 Ke6 52. Bd4 Rd6
53. Bc5 Rc6 54. Bb4 Rb6 55. Bc3 Kd5 56. Rf8 Kc5 57. Ke5 Kb5 58. Bd4 Rg6 59.
Rb8+ Ka4 60. Be3 a5 61. Kd4 Be2 62. Kc3 Bf1 63. Rf8 Re6 64. Bd2 Be2 65. Rf5 Rb6
66. Re5 Rb3+ 67. Kc2 Bd3+ 68. Kc1 Rb5 69. Re1 Kb3 70. Rg1 Rb6 71. Bc3 Re6 72.
Kd2 Re2+ 73. Kd1 Re6 74. Kd2 Re2+ 1/2-1/2

[Event "17. Open de Sants Hostafrancs 2015"]
[Site "Barcelona ESP"]
[Date "2015.08.27"]
[Round "7.19"]
[White "Carstensen, Jacob"]
[Black "Pulvett Marin, Daniel"]
[Result "1/2-1/2"]
[WhiteElo "2336"]
[BlackElo "2434"]
[PlyCount "84"]
[EventDate "2015.08.21"]
[EventType "swiss"]
[EventRounds "10"]
[EventCountry "ESP"]
[SourceTitle "Ajedrez en Madrid"]
[Source "lmi"]
[SourceDate "2015.08.21"]

1. d4 Nf6 2. c4 e6 3. Nf3 b6 4. g3 Ba6 5. b3 Bb4+ 6. Bd2 Be7 7. Bg2 c6 8. Bc3
d5 9. Ne5 Nbd7 10. Nxd7 Nxd7 11. Nd2 f5 12. O-O O-O 13. Rc1 Bd6 14. b4 Nf6 15.
Qa4 Bb7 16. Qc2 Qe7 17. c5 Bc7 18. a4 Ba6 19. Rfe1 bxc5 20. bxc5 Ne4 21. Nxe4
fxe4 22. f3 e3 23. Rb1 Qg5 24. Rf1 Rf6 25. f4 Qh5 26. Rf3 g5 27. fxg5 Rxf3 28.
exf3 Qxg5 29. Re1 e2 30. f4 Qg4 31. Qd2 Rb8 32. Ba5 Rb2 33. Qxb2 Bxa5 34. Kf2
Kf7 35. Rxe2 Bc3 36. Qxc3 Qxe2+ 37. Kg1 Qd1+ 38. Kf2 Qxa4 39. Qb2 Bb5 40. Bf3
a5 41. Ke1 Kf6 42. g4 Qc4 1/2-1/2

[Event "17. Open de Sants Hostafrancs 2015"]
[Site "Barcelona ESP"]
[Date "2015.08.27"]
[Round "7.20"]
[White "Shatko, Danil"]
[Black "Vassallo Barroche, Mauricio"]
[Result "1-0"]
[WhiteElo "2177"]
[BlackElo "2430"]
[PlyCount "77"]
[EventDate "2015.08.21"]
[EventType "swiss"]
[EventRounds "10"]
[EventCountry "ESP"]
[SourceTitle "Ajedrez en Madrid"]
[Source "lmi"]
[SourceDate "2015.08.21"]

1. d4 d6 2. Nf3 Nf6 3. c4 g6 4. g3 Bg7 5. Bg2 O-O 6. O-O Nbd7 7. Nc3 e5 8. h3
c6 9. dxe5 dxe5 10. Be3 Qe7 11. Nd2 Nc5 12. b4 Ne6 13. Qa4 Nd4 14. Nb3 Nd7 15.
c5 Nc2 16. Rad1 Nxe3 17. fxe3 f5 18. b5 e4 19. bxc6 Ne5 20. Nd5 Qg5 21. Nd4
bxc6 22. Nxc6 Qxg3 23. Qb3 Kh8 24. Nd4 Nf7 25. Nf4 Be5 26. Nc6 Bg7 27. Ne7 Ne5
28. Rd6 Qg5 29. Nxc8 Rfxc8 30. Ne6 Qg3 31. Nxg7 Kxg7 32. Qc3 Kh6 33. Rxf5 Nf3+
34. exf3 Qxd6 35. Rf7 Qd1+ 36. Kh2 Rg8 37. Qf6 Qd5 38. fxe4 Qh5 39. Bf3 1-0

[Event "17. Open de Sants Hostafrancs 2015"]
[Site "Barcelona ESP"]
[Date "2015.08.27"]
[Round "7.21"]
[White "Mingarro Carceller, Sergi"]
[Black "Wegerle, Joerg"]
[Result "1/2-1/2"]
[WhiteElo "2255"]
[BlackElo "2430"]
[PlyCount "113"]
[EventDate "2015.08.21"]
[EventType "swiss"]
[EventRounds "10"]
[EventCountry "ESP"]
[SourceTitle "Ajedrez en Madrid"]
[Source "lmi"]
[SourceDate "2015.08.21"]

1. e4 c5 2. Nf3 e6 3. g3 Nc6 4. Bg2 Nge7 5. O-O d5 6. exd5 Nxd5 7. d4 Be7 8.
Nc3 Nxc3 9. bxc3 O-O 10. Qd3 cxd4 11. cxd4 Bd7 12. Rb1 b6 13. c4 Rc8 14. Bd2
Bf6 15. Rfd1 Ne7 16. Bb4 Re8 17. Qb3 Qc7 18. Bf1 Ng6 19. Qa3 Be7 20. Bxe7 Nxe7
21. Ne5 Nc6 22. Nxd7 Qxd7 23. d5 Na5 24. Rbc1 Rc5 25. Qd3 e5 26. Re1 Nb7 27.
Qc3 e4 28. f3 exf3 29. Rxe8+ Qxe8 30. Re1 Qd8 31. Qxf3 Nd6 32. Qf4 Rc7 33. Bd3
h6 34. Kf2 Kf8 35. Kg2 Re7 36. Rc1 Qc7 37. Qd4 Qc5 38. Qxc5 bxc5 39. Rb1 Rb7
40. Rb3 Rxb3 41. axb3 Ke7 42. Kf3 Kf6 43. Bc2 Ke5 44. Ke3 f5 45. Bb1 g5 46. Bc2
a5 47. Bd3 Nc8 48. Be2 Nb6 49. Bd3 a4 50. bxa4 Nxa4 51. Be2 Nb6 52. Bd3 Nd7 53.
Be2 Nf6 54. Bd1 Ne4 55. Be2 Nf6 56. Bd1 Ne4 57. Be2 1/2-1/2

[Event "17. Open de Sants Hostafrancs 2015"]
[Site "Barcelona ESP"]
[Date "2015.08.27"]
[Round "7.22"]
[White "Cori T., Deysi"]
[Black "Pedini, Dario"]
[Result "1-0"]
[WhiteElo "2426"]
[BlackElo "2249"]
[PlyCount "133"]
[EventDate "2015.08.21"]
[EventType "swiss"]
[EventRounds "10"]
[EventCountry "ESP"]
[SourceTitle "Ajedrez en Madrid"]
[Source "lmi"]
[SourceDate "2015.08.21"]
[WhiteClock "0:00:33"]
[BlackClock "0:02:11"]

1. d4 Nf6 2. c4 e6 3. Nf3 d5 4. e3 b6 5. Nc3 Bb7 6. Qa4+ c6 7. Qc2 Nbd7 8. b3
Rc8 9. Be2 c5 10. O-O Bd6 11. dxc5 Bxc5 12. Bb2 O-O 13. cxd5 Nxd5 14. Nxd5 Bxd5
15. Ba6 Rc7 16. Qe2 Qa8 17. Rac1 Bd6 18. Rxc7 Bxc7 19. b4 Rd8 20. Rc1 Bd6 21.
a3 Nf6 22. h3 h6 23. Ne1 Nd7 24. Rd1 Be7 25. Nd3 Bf6 26. Nf4 Bxb2 27. Qxb2 Nf6
28. Qd4 Rd7 29. Qc3 Qd8 30. Rc1 Bb7 31. Bxb7 Rxb7 32. Ne2 Kf8 33. Nd4 Rd7 34.
Qc2 Kg8 35. Nc6 Qf8 36. Qa4 Qa8 37. b5 Qb7 38. Qf4 Nd5 39. Qg3 Kf8 40. Qf3 Qc7
41. Rc2 Qd6 42. Nd4 Kg8 43. Rc6 Qf8 44. Qe4 Nf6 45. Qc2 g6 46. Qb3 Kh7 47. a4
Qd8 48. Qc2 Qe7 49. Nf3 Qa3 50. Rc7 Qe7 51. Rxd7 Qxd7 52. Ne5 Qe7 53. Qc8 Kg7
54. Qc6 Qa3 55. Qc7 Qf8 56. Qxa7 Nd5 57. e4 Nc3 58. Qxb6 Nxa4 59. Qc7 g5 60. b6
Nc5 61. Nxf7 Kf6 62. Nd6 Na6 63. Qc3+ Kg6 64. e5 Qf4 65. g3 Qa4 66. Qf3 Qd7 67.
Qd3+ 1-0

[Event "17. Open de Sants Hostafrancs 2015"]
[Site "Barcelona ESP"]
[Date "2015.08.27"]
[Round "7.23"]
[White "Bachmann, Axel"]
[Black "Kulon, Klaudia"]
[Result "1-0"]
[WhiteElo "2623"]
[BlackElo "2240"]
[PlyCount "33"]
[EventDate "2015.08.21"]
[EventType "swiss"]
[EventRounds "10"]
[EventCountry "ESP"]
[SourceTitle "Ajedrez en Madrid"]
[Source "lmi"]
[SourceDate "2015.08.21"]

1. Nf3 Nf6 2. c4 g6 3. Nc3 d5 4. cxd5 Nxd5 5. h4 h6 6. g3 Nxc3 7. bxc3 c5 8.
Bg2 Bg7 9. O-O Nc6 10. Qa4 Rb8 11. Rb1 Bd7 12. Qc4 b6 13. d4 cxd4 14. cxd4 O-O
15. d5 Na5 16. Qf4 Bc8 17. Qxb8 1-0

[Event "17. Open de Sants Hostafrancs 2015"]
[Site "Barcelona ESP"]
[Date "2015.08.27"]
[Round "7.24"]
[White "Villegas, Pierre"]
[Black "Edouard, Romain"]
[Result "0-1"]
[WhiteElo "2323"]
[BlackElo "2634"]
[PlyCount "40"]
[EventDate "2015.08.21"]
[EventType "swiss"]
[EventRounds "10"]
[EventCountry "ESP"]
[SourceTitle "Ajedrez en Madrid"]
[Source "lmi"]
[SourceDate "2015.08.21"]

1. d4 d6 2. e4 Nf6 3. f3 e6 4. Nc3 Be7 5. Be3 a6 6. a4 O-O 7. d5 exd5 8. Nxd5
Nxd5 9. Qxd5 Nc6 10. Ne2 Bf6 11. c3 Be6 12. Qd1 Bg5 13. Bxg5 Qxg5 14. Qd2 Qh4+
15. g3 Qe7 16. Nf4 d5 17. exd5 Bxd5+ 18. Kf2 Rad8 19. Nxd5 Qc5+ 20. Qe3 Qxd5
0-1

[Event "17. Open de Sants Hostafrancs 2015"]
[Site "Barcelona ESP"]
[Date "2015.08.27"]
[Round "7.25"]
[White "Iglesias, Joachim"]
[Black "Demuth, Adrien"]
[Result "0-1"]
[WhiteElo "2319"]
[BlackElo "2541"]
[PlyCount "98"]
[EventDate "2015.08.21"]
[EventType "swiss"]
[EventRounds "10"]
[EventCountry "ESP"]
[SourceTitle "Ajedrez en Madrid"]
[Source "lmi"]
[SourceDate "2015.08.21"]

1. d4 Nf6 2. Nf3 e6 3. Nbd2 d5 4. e3 c5 5. c3 Nc6 6. Bd3 Bd6 7. O-O O-O 8. dxc5
Bxc5 9. e4 Qc7 10. Qe2 b6 11. a4 a5 12. e5 Ng4 13. Bxh7+ Kxh7 14. Ng5+ Kg8 15.
Qxg4 Qxe5 16. Nb3 Qf6 17. Qh5 Qh6 18. Qxh6 gxh6 19. Nf3 Kh7 20. Nxc5 bxc5 21.
Be3 Ba6 22. Rfb1 Bd3 23. Bxc5 Rfb8 24. Rd1 Be2 25. Rd2 Bxf3 26. gxf3 Ne5 27.
Rc2 Rb3 28. Ra3 Rab8 29. Bb4 Rxa3 30. Bxa3 Nc4 31. Kf1 Kg6 32. Ke2 Kf5 33. Rc1
Rb3 34. h3 h5 35. Kf1 Kf4 36. Kg2 Rb8 37. Ra1 Nxa3 38. Rxa3 Rxb2 39. Ra1 Rb8
40. Rc1 Rg8+ 41. Kf1 Kxf3 42. c4 Rc8 43. c5 Rc6 44. Ke1 Ke4 45. Ke2 d4 46. f3+
Kd5 47. Rg1 Rxc5 48. Rg7 f5 49. f4 Rc4 0-1

[Event "17. Open de Sants Hostafrancs 2015"]
[Site "Barcelona ESP"]
[Date "2015.08.27"]
[Round "7.26"]
[White "Aroshidze, Levan"]
[Black "Morales, Jhon Alexander"]
[Result "1-0"]
[WhiteElo "2535"]
[BlackElo "2308"]
[PlyCount "81"]
[EventDate "2015.08.21"]
[EventType "swiss"]
[EventRounds "10"]
[EventCountry "ESP"]
[SourceTitle "Ajedrez en Madrid"]
[Source "lmi"]
[SourceDate "2015.08.21"]

1. e4 c5 2. Nf3 Nc6 3. d4 cxd4 4. Nxd4 Qb6 5. Nb3 Nf6 6. Nc3 e6 7. Bd3 d6 8.
Be3 Qc7 9. f4 a6 10. Qf3 Be7 11. g4 Nd7 12. O-O-O b5 13. Kb1 Bb7 14. g5 Nb4 15.
h4 Rc8 16. Rc1 O-O 17. h5 Rce8 18. Nd4 Bd8 19. g6 Nc5 20. Rcd1 Bf6 21. a3 Ncxd3
22. cxd3 Nc6 23. Nce2 b4 24. gxh7+ Kh8 25. Nxc6 Qxc6 26. axb4 Rc8 27. Rc1 Qb5
28. Bd4 Bxd4 29. Nxd4 Qxb4 30. Nc2 Qb3 31. h6 g6 32. Qe3 e5 33. fxe5 dxe5 34.
Qg5 Qe6 35. Rhf1 Rc6 36. Ne3 Rxc1+ 37. Rxc1 Kxh7 38. Rc7 Bc6 39. Ng4 Qd6 40.
Rxc6 Qxc6 41. Qxe5 1-0

[Event "17. Open de Sants Hostafrancs 2015"]
[Site "Barcelona ESP"]
[Date "2015.08.27"]
[Round "7.27"]
[White "Narciso Dublan, Marc"]
[Black "Vidarte Morales, Arturo"]
[Result "1/2-1/2"]
[WhiteElo "2532"]
[BlackElo "2304"]
[PlyCount "105"]
[EventDate "2015.08.21"]
[EventType "swiss"]
[EventRounds "10"]
[EventCountry "ESP"]
[SourceTitle "Ajedrez en Madrid"]
[Source "lmi"]
[SourceDate "2015.08.21"]

1. d4 d5 2. c4 e6 3. Nc3 Nf6 4. Bg5 Bb4 5. cxd5 exd5 6. e3 h6 7. Bh4 O-O 8. Bd3
c5 9. Nge2 cxd4 10. exd4 Bxc3+ 11. bxc3 Nbd7 12. O-O Qa5 13. a4 Re8 14. Qc2 Ne4
15. Rfb1 Ndf6 16. Rb5 Qd8 17. Bxe4 dxe4 18. a5 Qd6 19. h3 e3 20. fxe3 Rxe3 21.
Rf1 Nh7 22. Qd2 Re8 23. c4 b6 24. axb6 axb6 25. Rfb1 Qc6 26. Nc3 Qxc4 27. R5b4
Qe6 28. Rxb6 Qf5 29. d5 Bd7 30. Rb7 Nf8 31. Bg3 Qg6 32. Kh2 Ra3 33. R1b6 Qf5
34. Qb2 Raa8 35. Rb4 Ng6 36. Rd4 h5 37. Rbb4 Rac8 38. Qd2 Qf1 39. Rb1 Qf5 40.
Rb3 Qf1 41. Qf2 Qa1 42. Rd1 Qa5 43. Qd4 Qa6 44. Rb6 Qa5 45. Rd3 h4 46. Rxg6
fxg6 47. Bxh4 Qc5 48. Qxc5 Rxc5 49. d6 g5 50. Bg3 Kh7 51. Bf2 Rc4 52. g4 Be6
53. Bg3 1/2-1/2

[Event "17. Open de Sants Hostafrancs 2015"]
[Site "Barcelona ESP"]
[Date "2015.08.27"]
[Round "7.28"]
[White "Cervello Tost, Ferran"]
[Black "Cuartas, Jaime Alexander"]
[Result "0-1"]
[WhiteElo "2303"]
[BlackElo "2503"]
[PlyCount "84"]
[EventDate "2015.08.21"]
[EventType "swiss"]
[EventRounds "10"]
[EventCountry "ESP"]
[SourceTitle "Ajedrez en Madrid"]
[Source "lmi"]
[SourceDate "2015.08.21"]

1. Nf3 c5 2. c4 Nc6 3. g3 g6 4. Bg2 Bg7 5. O-O d6 6. Nc3 e5 7. d3 h6 8. a3 Nge7
9. Rb1 Be6 10. b4 Qd7 11. Nd2 f5 12. Nb3 cxb4 13. axb4 O-O 14. b5 Nd8 15. Ba3
Kh7 16. Bb4 Rc8 17. Ra1 b6 18. Qc1 Nf7 19. Qa3 Rc7 20. Rfd1 Rd8 21. Nd2 Bf6 22.
e4 f4 23. Nd5 Nxd5 24. exd5 Bf5 25. Ra2 h5 26. f3 g5 27. Nf1 h4 28. g4 Bxg4 29.
fxg4 Qxg4 30. Re1 h3 31. d4 hxg2 32. Qd3+ Kg7 33. Rxg2 Qh4 34. Re4 Qh7 35. Nd2
Qf5 36. Bc3 Rh8 37. dxe5 dxe5 38. Qe2 Rh3 39. Nf3 Kh6 40. Nxe5 Rxc3 41. h4 Bxe5
42. d6 f3 0-1

[Event "17. Open de Sants Hostafrancs 2015"]
[Site "Barcelona ESP"]
[Date "2015.08.27"]
[Round "7.29"]
[White "Pogorelov, Ruslan"]
[Black "Ducarmon, Quinten"]
[Result "0-1"]
[WhiteElo "2302"]
[BlackElo "2475"]
[PlyCount "146"]
[EventDate "2015.08.21"]
[EventType "swiss"]
[EventRounds "10"]
[EventCountry "ESP"]
[SourceTitle "Ajedrez en Madrid"]
[Source "lmi"]
[SourceDate "2015.08.21"]

1. Nf3 d5 2. d4 Nf6 3. c4 c6 4. Nc3 dxc4 5. e3 b5 6. a4 b4 7. Na2 e6 8. Bxc4
Bb7 9. O-O Nbd7 10. Qe2 c5 11. Bd2 a5 12. Nc1 Bd6 13. Nb3 O-O 14. dxc5 Nxc5 15.
Nxc5 Bxc5 16. Rfd1 Qe7 17. Be1 e5 18. Rac1 e4 19. Nd4 Qe5 20. Nb5 h5 21. h3 h4
22. Rd2 Bc6 23. Qd1 Bxb5 24. Bxb5 Ba7 25. Rc4 Bb8 26. Qc2 Ra7 27. Rc8 Rxc8 28.
Qxc8+ Kh7 29. Qc2 Re7 30. b3 Rc7 31. Qb2 Qxb2 32. Rxb2 Rc1 33. Kf1 Bc7 34. Ke2
Nd5 35. f3 Be5 36. Ra2 Bg3 37. Bd2 Rg1 38. fxe4 Nc3+ 39. Bxc3 Rxg2+ 40. Kd3
Rxa2 41. Bd4 Bc7 42. Bd7 Rg2 43. e5 g5 44. Ke4 Rg3 45. e6 fxe6 46. Bxe6 Kg6 47.
Bd7 Kf7 48. Bf5 Rg1 49. Kf3 Ke7 50. Kf2 Rc1 51. Kf3 Bd6 52. Bb2 Rc5 53. Ke4 Rc2
54. Bd4 Rc1 55. Kd5 Rf1 56. e4 Rf3 57. Bg4 Rxb3 58. e5 Bxe5 59. Bxe5 Ra3 60.
Bd6+ Kf6 61. Be5+ Kg6 62. Kc4 Rxa4 63. Bb2 b3+ 64. Kxb3 Rxg4 65. hxg4 h3 66.
Be5 Kf7 67. Ka4 Ke6 68. Bc7 Kd5 69. Kxa5 Ke4 70. Kb4 Kf3 71. Kc3 Kxg4 72. Kd2
Kf3 73. Ke1 Kg2 0-1

[Event "17. Open de Sants Hostafrancs 2015"]
[Site "Barcelona ESP"]
[Date "2015.08.27"]
[Round "7.30"]
[White "Gallego Alcaraz, Andres Felipe"]
[Black "Domingo Nunez, Ruben"]
[Result "1-0"]
[WhiteElo "2443"]
[BlackElo "2281"]
[PlyCount "55"]
[EventDate "2015.08.21"]
[EventType "swiss"]
[EventRounds "10"]
[EventCountry "ESP"]
[SourceTitle "Ajedrez en Madrid"]
[Source "lmi"]
[SourceDate "2015.08.21"]

1. d4 Nf6 2. c4 e6 3. Nf3 b6 4. Nc3 Bb7 5. a3 Be7 6. d5 O-O 7. e4 exd5 8. cxd5
Re8 9. Bd3 c6 10. O-O h6 11. Re1 Qc7 12. dxc6 dxc6 13. e5 Nd5 14. Nxd5 cxd5 15.
Qa4 Nd7 16. Qg4 Bf8 17. Bxh6 Nxe5 18. Rxe5 Rxe5 19. Bf4 Bd6 20. Rc1 Qe7 21.
Nxe5 Bxe5 22. Qh5 g5 23. Re1 f6 24. Bxe5 fxe5 25. Qg6+ Qg7 26. Qe6+ Kh8 27. Re3
g4 28. Rxe5 1-0

[Event "17. Open de Sants Hostafrancs 2015"]
[Site "Barcelona ESP"]
[Date "2015.08.27"]
[Round "7.31"]
[White "Rios, Cristhian Camilo"]
[Black "Ossa, Orlando"]
[Result "1-0"]
[WhiteElo "2435"]
[BlackElo "2249"]
[PlyCount "63"]
[EventDate "2015.08.21"]
[EventType "swiss"]
[EventRounds "10"]
[EventCountry "ESP"]
[SourceTitle "Ajedrez en Madrid"]
[Source "lmi"]
[SourceDate "2015.08.21"]

1. d4 c5 2. d5 f5 3. e4 fxe4 4. Nc3 Nf6 5. Nh3 g6 6. Ng5 Bg7 7. Be3 O-O 8. d6
e6 9. Be2 b6 10. h4 Bb7 11. h5 h6 12. Nh3 g5 13. Nxg5 Nd5 14. Ngxe4 Nxe3 15.
fxe3 Nc6 16. Qd2 Ne5 17. O-O-O c4 18. Rh3 b5 19. Rg3 Qh4 20. Rxg7+ Kxg7 21. Qd4
Qh2 22. g3 Rf5 23. Bg4 Rxh5 24. Bxh5 Qxh5 25. g4 Qh2 26. Nc5 Bc6 27. Rd2 Qh1+
28. Nd1 Qd5 29. Qc3 Qxc5 30. b4 Qb6 31. Qxe5+ Kg8 32. Rh2 1-0

[Event "17. Open de Sants Hostafrancs 2015"]
[Site "Barcelona ESP"]
[Date "2015.08.27"]
[Round "7.32"]
[White "Abergel, Thal"]
[Black "Le Ruyet, Leopold"]
[Result "1-0"]
[WhiteElo "2433"]
[BlackElo "2240"]
[PlyCount "51"]
[EventDate "2015.08.21"]
[EventType "swiss"]
[EventRounds "10"]
[EventCountry "ESP"]
[SourceTitle "Ajedrez en Madrid"]
[Source "lmi"]
[SourceDate "2015.08.21"]

1. d4 Nf6 2. Nf3 e6 3. e3 b6 4. Bd3 Bb7 5. O-O c5 6. c4 Be7 7. Nc3 cxd4 8. exd4
d6 9. d5 e5 10. Nd2 O-O 11. f4 exf4 12. Rxf4 Nbd7 13. b3 Ne5 14. Bc2 Nfd7 15.
Bb2 Bg5 16. Rf1 Nf6 17. Nf3 Be3+ 18. Kh1 Neg4 19. Qd3 Re8 20. h3 Nf2+ 21. Rxf2
Bxf2 22. Rf1 Bg3 23. Ne2 Ne4 24. Qd4 Be5 25. Nxe5 Nf6 26. Ng4 1-0

[Event "17. Open de Sants Hostafrancs 2015"]
[Site "Barcelona ESP"]
[Date "2015.08.27"]
[Round "7.33"]
[White "Schnelzer, Reinhold"]
[Black "Cawdery, Daniel"]
[Result "1/2-1/2"]
[WhiteElo "2230"]
[BlackElo "2424"]
[PlyCount "45"]
[EventDate "2015.08.21"]
[EventType "swiss"]
[EventRounds "10"]
[EventCountry "ESP"]
[SourceTitle "Ajedrez en Madrid"]
[Source "lmi"]
[SourceDate "2015.08.21"]

1. Nf3 Nf6 2. c4 g6 3. Nc3 Bg7 4. g3 c6 5. Bg2 d5 6. cxd5 cxd5 7. d4 O-O 8. Ne5
Bf5 9. O-O Ne4 10. Qb3 Nc6 11. Qxd5 Nxc3 12. bxc3 Nxe5 13. dxe5 Qxd5 14. Bxd5
Bxe5 15. Ba3 Rfd8 16. Bxb7 Rab8 17. Bf3 Bxc3 18. Rad1 Kf8 19. Kg2 Rdc8 20. Rc1
Rb5 21. Rfd1 Rbb8 22. Rd5 Be6 23. Rc5 1/2-1/2

[Event "17. Open de Sants Hostafrancs 2015"]
[Site "Barcelona ESP"]
[Date "2015.08.27"]
[Round "7.34"]
[White "Stella, Andrea"]
[Black "Guezennec, Franck"]
[Result "1/2-1/2"]
[WhiteElo "2423"]
[BlackElo "2228"]
[PlyCount "79"]
[EventDate "2015.08.21"]
[EventType "swiss"]
[EventRounds "10"]
[EventCountry "ESP"]
[SourceTitle "Ajedrez en Madrid"]
[Source "lmi"]
[SourceDate "2015.08.21"]

1. Nf3 g6 2. e4 Bg7 3. d4 c6 4. Nc3 d5 5. h3 dxe4 6. Nxe4 Nd7 7. Bc4 Ngf6 8.
Nxf6+ Nxf6 9. O-O O-O 10. Re1 Qc7 11. Qe2 b5 12. Bb3 e6 13. a4 a5 14. axb5 cxb5
15. Qxb5 Bd7 16. Qc5 Qxc5 17. dxc5 Rfc8 18. Be3 a4 19. Bc4 Ne4 20. Bd4 Nd2 21.
Bxg7 Nxf3+ 22. gxf3 Kxg7 23. b4 axb3 24. Rxa8 Rxa8 25. cxb3 Rb8 26. Rb1 Rb4 27.
f4 Kf6 28. Kg2 Bc6+ 29. f3 Bd5 30. Bxd5 exd5 31. c6 Ke7 32. Rc1 Kd8 33. Rc5 Kc7
34. Rxd5 Kxc6 35. Rd3 Rxf4 36. Kg3 Rf5 37. Rd4 Rb5 38. b4 Rb7 39. Rh4 h5 40.
Rd4 1/2-1/2

[Event "17. Open de Sants Hostafrancs 2015"]
[Site "Barcelona ESP"]
[Date "2015.08.27"]
[Round "7.35"]
[White "Akesson, Ralf"]
[Black "Micottis, Dorian"]
[Result "1-0"]
[WhiteElo "2418"]
[BlackElo "2228"]
[PlyCount "101"]
[EventDate "2015.08.21"]
[EventType "swiss"]
[EventRounds "10"]
[EventCountry "ESP"]
[SourceTitle "Ajedrez en Madrid"]
[Source "lmi"]
[SourceDate "2015.08.21"]

1. Nf3 Nf6 2. c4 g6 3. Nc3 d5 4. cxd5 Nxd5 5. Qa4+ Nc6 6. Ne5 Qd6 7. Nxc6 Qxc6
8. Qxc6+ bxc6 9. a3 Bg7 10. e3 Rb8 11. Be2 O-O 12. O-O Bf5 13. Na4 Bc2 14. Nc5
Rfd8 15. d4 e5 16. dxe5 Bxe5 17. e4 Nf6 18. Na6 Rb7 19. f3 Bd4+ 20. Kh1 c5 21.
Bc4 Nd7 22. Bg5 Rc8 23. Ra2 Ba4 24. b4 Bb5 25. Rc2 Rb6 26. Nxc5 Bxc4 27. Rxc4
Bxc5 28. bxc5 Ra6 29. a4 Ra5 30. Rfc1 Nf8 31. Bd2 Ra6 32. Rb1 Rd8 33. Bc3 Ne6
34. g3 h6 35. Kg2 g5 36. Kf2 Kh7 37. Ke2 Kg6 38. Rb7 Re8 39. Ke3 Rd8 40. f4
Rxa4 41. Rxa4 Nxc5 42. f5+ Kh5 43. Ba5 Rd3+ 44. Ke2 Nxb7 45. e5 Rd5 46. Bc3 a5
47. h3 Nc5 48. Rc4 Nd7 49. Re4 Nc5 50. g4+ Kh4 51. Re3 1-0

[Event "17. Open de Sants Hostafrancs 2015"]
[Site "Barcelona ESP"]
[Date "2015.08.27"]
[Round "7.36"]
[White "Jeitz, Christian"]
[Black "Mascaro March, Pedro"]
[Result "1/2-1/2"]
[WhiteElo "2203"]
[BlackElo "2414"]
[PlyCount "34"]
[EventDate "2015.08.21"]
[EventType "swiss"]
[EventRounds "10"]
[EventCountry "ESP"]
[SourceTitle "Ajedrez en Madrid"]
[Source "lmi"]
[SourceDate "2015.08.21"]

1. e4 e5 2. Nf3 Nc6 3. Bb5 a6 4. Ba4 Nf6 5. O-O Be7 6. Re1 b5 7. Bb3 d6 8. c3
O-O 9. h3 Bb7 10. d4 Nd7 11. a4 Bf6 12. axb5 axb5 13. Rxa8 Qxa8 14. Na3 Ba6 15.
Nc2 Bb7 16. Na3 Ba6 17. Nc2 Bb7 1/2-1/2

[Event "17. Open de Sants Hostafrancs 2015"]
[Site "Barcelona ESP"]
[Date "2015.08.27"]
[Round "7.37"]
[White "Mullon, Jean-Baptiste"]
[Black "Betaneli, Alexander"]
[Result "1/2-1/2"]
[WhiteElo "2402"]
[BlackElo "2218"]
[PlyCount "190"]
[EventDate "2015.08.21"]
[EventType "swiss"]
[EventRounds "10"]
[EventCountry "ESP"]
[SourceTitle "Ajedrez en Madrid"]
[Source "lmi"]
[SourceDate "2015.08.21"]

1. e4 d6 2. Nc3 e5 3. Nge2 Nc6 4. d4 Bg4 5. f3 Bd7 6. Be3 g6 7. Qd2 Bg7 8.
O-O-O exd4 9. Nxd4 Nge7 10. g4 h5 11. gxh5 Rxh5 12. Kb1 a6 13. f4 Bg4 14. Re1
Qd7 15. Bc4 O-O-O 16. Bxf7 Nxd4 17. Bxd4 Bxd4 18. Qxd4 Nc6 19. Qg7 Rdh8 20.
Rhg1 R5h7 21. Qxg6 Rxf7 22. Qxg4 Qxg4 23. Rxg4 Rxh2 24. Nd5 Nd4 25. e5 c6 26.
Rg8+ Kd7 27. Nf6+ Ke6 28. Ng4 Re2 29. Rd1 dxe5 30. fxe5 Rd2 31. Rh1 Rh7 32.
Re8+ Re7 33. Rxe7+ Kxe7 34. c3 Nf5 35. Rh7+ Ke6 36. Rxb7 Rg2 37. Nf6 Kxe5 38.
Nd7+ Kd6 39. Nb8 a5 40. a4 Ne3 41. Rd7+ Kc5 42. Rd4 Kb6 43. Nd7+ Kc7 44. Ne5 c5
45. Rd7+ Kc8 46. Rd3 Re2 47. Ka2 Kb7 48. Rd7+ Kc8 49. Rd6 Nd1 50. Rxd1 Rxe5 51.
Rh1 Kb7 52. Rh6 Re4 53. Kb3 Rg4 54. Rd6 Rh4 55. Rf6 Rg4 56. Rf3 Rh4 57. c4 Kc6
58. Kc3 Kb6 59. b3 Kc6 60. Kd3 Rd4+ 61. Ke3 Rh4 62. Rf6+ Kb7 63. Rf4 Rh3+ 64.
Ke4 Rxb3 65. Kd5 Rb4 66. Kxc5 Rxa4 67. Rf7+ Kb8 68. Kd5 Ra1 69. Kc6 Rc1 70. c5
a4 71. Rb7+ Kc8 72. Ra7 Kb8 73. Rxa4 Rc2 74. Rb4+ Kc8 75. Kb6 Kb8 76. Rh4 Rb2+
77. Kc6 Rc2 78. Rh8+ Ka7 79. Kd6 Kb7 80. Rh7+ Kc8 81. Kc6 Kb8 82. Rh5 Rc1 83.
Rh8+ Ka7 84. Rc8 Rh1 85. Rd8 Rc1 86. Kd6 Kb7 87. Rd7+ Kc8 88. Rg7 Rc2 89. Rg8+
Kb7 90. Rg6 Rd2+ 91. Ke7 Kc7 92. Rd6 Re2+ 93. Re6 Rxe6+ 94. Kxe6 Kc6 95. Kf7
Kxc5 1/2-1/2

[Event "17. Open de Sants Hostafrancs 2015"]
[Site "Barcelona ESP"]
[Date "2015.08.27"]
[Round "7.38"]
[White "Zude, Erik"]
[Black "Bendayan Claros, Aaron"]
[Result "0-1"]
[WhiteElo "2398"]
[BlackElo "2200"]
[PlyCount "74"]
[EventDate "2015.08.21"]
[EventType "swiss"]
[EventRounds "10"]
[EventCountry "ESP"]
[SourceTitle "Ajedrez en Madrid"]
[Source "lmi"]
[SourceDate "2015.08.21"]

1. d4 d5 2. c4 c6 3. Nc3 Nf6 4. Nf3 dxc4 5. a4 Bf5 6. e3 e6 7. Bxc4 Bb4 8. O-O
Nbd7 9. Qe2 O-O 10. e4 Bg6 11. Bd3 c5 12. e5 cxd4 13. exf6 dxc3 14. fxg7 Kxg7
15. Rd1 Qc7 16. Bxg6 hxg6 17. Qb5 Bd6 18. bxc3 Ne5 19. Nxe5 Bxe5 20. Bg5 a6 21.
Qe2 Bxh2+ 22. Kf1 Bf4 23. Bxf4 Qxf4 24. g3 Qf5 25. Rd7 Qh3+ 26. Ke1 Qh1+ 27.
Qf1 Rh8 28. Rad1 Qe4+ 29. Qe2 Rh1+ 30. Kd2 Rxd1+ 31. Qxd1 Rc8 32. Rd4 Qc6 33.
Qb3 Qf3 34. Rf4 Rd8+ 35. Kc1 Qe2 36. c4 Qe1+ 37. Kb2 Rd2+ 0-1